Devoured by their house (Record no. 75375)

MARC details
000 -LEADER
fixed length control field 01503cab a2200205 4500
001 - CONTROL NUMBER
control field L129974
008 - FIXED-LENGTH DATA ELEMENTS--GENERAL INFORMATION
fixed length control field 050610n2005 000 0 eng u
035 ## - SYSTEM CONTROL NUMBER
System control number (Sirsi) u129974
041 ## - LANGUAGE CODE
Language code of text/sound track or separate title eng
100 ## - MAIN ENTRY--PERSONAL NAME
Personal name Bingham, Tony
245 ## - TITLE STATEMENT
Title Devoured by their house
260 ## - PUBLICATION, DISTRIBUTION, ETC.
Date of publication, distribution, etc. 2005
490 ## - SERIES STATEMENT
Series statement Building
Volume/sequential designation 270(8380) 6 May 2005, 64-65(2)
520 ## - SUMMARY, ETC.
Summary, etc. Discusses the events of "Burchell v Bullard and others", ([2005] EWCA Civ, 358, Independent 21 April 2005). The Bullards (R) were in dispute with their builder (A) over an extension to their house. The original trial judge decided that R's approach to their potential damages was exaggerated and as a result they only got 13% of what they claimed. The CA disagreed with the allocation of the costs order and made R pay their costs and 60% of A's costs. Argues that the litigation was very wasteful for a minor complaint worth £3 500 and recommends that courts could order an expert determination, the appointment of an arbitrator with the powers to conduct an enquiry. The arbitrator could use specialist knowledge to investigate a particular area as he would as an expert.
590 ## - LOCAL NOTE (RLIN)
Local note IKA210605
650 ## - SUBJECT ADDED ENTRY--TOPICAL TERM
Topical term or geographic name entry element BURCHELL V BULLARD AND OTHERS
690 ## - LOCAL SUBJECT ADDED ENTRY--TOPICAL TERM (OCLC, RLIN)
Topical term or geographic name as entry element MANAGEMENT-DISPUTE AVOIDANCE, MANAGEMENT AND RESOLUTION-DISPUTE MANAGEMENT AND RESOLUTION-ALTERNATIVE DISPUTE RESOLUTION-INDEPENDENT EXPERT DETERMINATION
856 ## - ELECTRONIC LOCATION AND ACCESS
Uniform Resource Identifier <a href="https://www.bailii.org/ew/cases/EWCA/Civ/2005/358.html">https://www.bailii.org/ew/cases/EWCA/Civ/2005/358.html</a>
Public note View the case free of charge at www.bailii.org...
942 ## - ADDED ENTRY ELEMENTS (KOHA)
Suppress in OPAC 0
Holdings
Withdrawn status Lost status Source of classification or shelving scheme Damaged status Not for loan Home library Current library Shelving location Date acquired Total Checkouts Full call number Barcode Date last seen Copy number Price effective from Koha item type
    Dewey Decimal Classification     London London Journal article 10/06/2005   L129974 129974-1001 06/08/2019 1 06/08/2019 Journal article